| 000 | 00898cab a22002175a 4500 | ||
|---|---|---|---|
| 001 | L148314 | ||
| 008 | 090902e20090828xxko f 000 0 eng d | ||
| 035 | _a(Sirsi) u148314 | ||
| 041 | 0 | _aeng | |
| 100 | 1 | _aEade, Christine | |
| 245 | 0 | 0 |
_aRegional report _bStaffordshire and Shropshire |
| 260 | _c2009 | ||
| 490 | 0 |
_aProperty Week _v75(35) 28 August 2009, 48-53(4) |
|
| 520 | _aAsda will buy Telford and Wrekin Borough Council's former offices to redevelop them as a superstore, bringing regeneration to an isolated part of Telford. Developer St Modwen has resurrected its luxury hotel plans at its popular Trentham Estate. Round-up of activity in all commercial property sectors across the two counties. | ||
| 590 | _aKA | ||
| 651 | 4 | _aStaffordshire | |
| 651 | 4 | _aShropshire | |
| 690 | _aPROPERTY-COMMERCIAL PROPERTY-COMMERCIAL PROPERTY MARKET | ||
| 700 | 1 | _aShepherd, Mark | |
| 942 | _n0 | ||
| 999 |
_c81785 _d81785 |
||